|
|
|
|
| LEADER |
00000nab a2200000 a 4500 |
| 001 |
vtls000305786 |
| 003 |
SK-MaSNL |
| 005 |
20260304030232.0 |
| 008 |
160204c1986 xo 0 slo |
| 015 |
|
|
|a SNBRA19rr/mm-uuuuu
|
| 035 |
|
|
|a CL0315905
|
| 040 |
|
|
|a SNKBUCL
|b slo
|c SNKBUCL
|e AACR2
|
| 041 |
0 |
|
|a slo
|
| 044 |
|
|
|a xo
|c SK
|
| 080 |
|
|
|a 691-405.6:536.2.02
|2 1981
|
| 080 |
|
|
|a 536.2.02
|2 1981
|
| 100 |
1 |
|
|a Zámečník, Jozef,
|d 1935-
|4 aut
|9 99671
|
| 245 |
1 |
0 |
|a Dve metódy merania súčiniteľa tepelnej vodivosti sypkých materiálov v závislosti od teploty a vlhkosti
|c Jozef Zámečník, Ivan Baník, Juraj Veselský
|
| 300 |
|
|
|b Obr. 4., lit. 6 zázn. v slov., angl.
|
| 650 |
0 |
7 |
|a tepelná vodivosť
|2 SNKPH
|9 50131
|
| 650 |
0 |
7 |
|a stavebné materiály
|2 SNKPH
|9 31817
|
| 650 |
0 |
7 |
|a sypké materiály
|2 SNK
|9 78864
|
| 655 |
|
7 |
|a články zo zborníkov
|2 SNKPH
|9 166140
|
| 700 |
1 |
|
|a Baník, Ivan,
|d 1936-2017
|4 aut
|9 99250
|
| 700 |
1 |
|
|a Veselský, Juraj,
|d 1947-
|4 aut
|9 5344
|
| 773 |
0 |
|
|t Zborník vedeckých prác Stavebnej fakulty Slovenskej vysokej školy technickej v Bratislave 1984
|d Bratislava : Alfa, 1986
|g S. 219-224
|
| 850 |
|
|
|a Slovenská národná knižnica v Martine
|a MTA001
|
| 852 |
|
|
|a SNK
|b KIS3GCP
|
| 958 |
|
|
|a NB
|
| 958 |
|
|
|a RK
|
| 992 |
|
|
|a RZB
|
| 999 |
|
|
|c 2632793
|d 2634723
|